000 01117nam a2200193 a 4500
001 57888
005 20180714054251.0
008 140415s1988 mx 000 0 spa d
041 _aspa
082 _a305.8
_bHER
245 0 0 _aINSTITUTO NACIONAL INDIGENISTA 40 AÑOS
250 _a1a ed.
260 _aMEXICO :
_bINSTITUTO NACIONAL INDIGENISTA,
_c1988
300 _a239
_c13.3 x 3.4 x 20.9
500 _aHERRASTI MACIA, LOURDES; ES COORDINADORA DE LA OBRA
520 _aEN ESTE TRABAJO SE REUNEN EXPERIENCIAS , CONOCIMIENTOS ENFOQUES VARIADOS, QUE EN OCACIONES SE CONTRAPONEN. SE INCLUYEN BIBLIOGRAFIAS DE AQUELLOS QUE HAN COLABORADO PRA DAR DIRECCION E IMPULSO A LA TAREA INDIGENISTA; REFLEXIONES DE QUIENES HAN DIRIGIDO A LA INSTITUCION EN LOS ULTIMOS AÑOS Y NOTAS SOBRE UN INTERESANTE DEBATQ UE, REALIZADO EN EL SENO DEL INSTITUTO, PERMITIO EL EXAMEN DEL TRABAJO PRACTICO A LA LUZ DE LA REFLEXION TEORICA. ASIMISMO ESTAN PRESENTES OPINIONES DE TRABAJADORES
650 1 4 _aGRUPOS ETNICOS
_xMEXICO
_xMEXICO
_xHISTORIA
_xSIGLO XIX
_xINDIGENAS DE MEXICO
700 1 _aHERRASTI MACIA, LOURDES
_ecoaut.
999 _c57888
_d57888